| 000 | 01380nam a22002417a 4500 | ||
|---|---|---|---|
| 999 |
_c59323 _d59323 |
||
| 003 | Ge_BSU | ||
| 005 | 20230123102843.0 | ||
| 008 | 230123s2019 ge ||||| |||| 00| 0 geo d | ||
| 020 | _a9789941484605 | ||
| 041 | _ageo | ||
| 080 | _a633/635:581.4 ყ-56 | ||
| 100 |
_aყიფიანი, ნინო _916738 |
||
| 245 |
_aსასოფლო სამეურნეო კულტურების მორფოლოგია და ანატომია / _cნინო ყიფიანი; რედ. ვახტანგ ქობალია; აკაკი წერეთლის სახელმწიფო უნივერსიტეტი. |
||
| 264 |
_aქუთაისი, _bაწსუ, _c2019. |
||
| 300 |
_a228 გვ.: _bილ.; _c21 სმ. |
||
| 504 | _aბიბლიოგრ. გვ. 225-226 | ||
| 653 | _aსასოფლო სამეურნეო კულტურების მორფოლოგია | ||
| 653 | _aსასოფლო სამეურნეო კულტურების ანატომია | ||
| 653 | _aბიოლოგია | ||
| 700 |
_aქობალია, ვახტანგ _eრედაქტორი _92530 |
||
| 710 |
_aაკაკი წერეთლის სახელმწიფო უნივერსიტეტი _916739 |
||
| 942 |
_2udc _cBK |
||